London Underground Quiz - Statistics

General Stats
  • This quiz has been taken 240 times
  • The average score is 6 of 11
Answer Stats
Hint Answer % Correct
Which is the only station named after a football team? Arsenal
85%
Which line has the most stations (60)? District
82%
Which has the fewest stations? Waterloo and City
74%
Which station has the longest escalator on the network? Angel
72%
What year was the Oyster card introduced? 2003
59%
Which is the deepest station on the entire network? Hampstead
49%
What has been banned on the Tube since June 2008? Alcohol
46%
What is the Tube's logo known as? The Roundel
46%
Which has the shortest escalator? Stratford
41%
What has been licensed on the Tube since 2003? Busking
28%
What is the London Underground known as in cockney rhyming slang? Oxo
4%
No matching quizzes found
Score Distribution
Percent of People with Each Score
Percentile by Number Answered
Your Score History
You have not taken this quiz